1784 1828 1707 1357 1450 1700 1807 1545 1266 1059 1027 1170 1269 1060 1976 1414 1105 1570 1825 1285 1199 1810 1043 1183 1402 1953 1702 1213 1155 1846 1595 1890 1500 1513 1386 1601 1783 1591 1764 1136 1016 1597 1211 1689 1083 1498 1794 1379 1847 1619 1690 1819 1629 1298 1184 1560 1523 1921 1967 1101 1143 1729 1988 1231 2000 1067 1069 1161 1296 1091 1894 1683 1807 1151 1212 1824 1854 1293 1660 1674 1374 1348 1627 1141 1969 1404 1884 1279 1690 1464 1685 1257 1840 1379 1074 1159 1795 1891 1016 BCNSPRNW ULIB Ver.6.0+V

เปลี่ยนเป็นภาษาไทย

Change to English
 แสดงรายละเอียดบรรณานุกรม
  กลับหน้าหลัก

Brief Record : Get Marc (ISO 2709) : E-mail record : QR code < ปิดหน้าต่าง
LEADER : 00000nam 2200000uu 4500
001    13399111850
003     ULIB
008    110627s2551||||th 000 0 tha d
060  4 WM100^bร925ก 2551
110 1  โรงพยาบาลจิตเวชขอนแก่นราชนครินทร์
245 00 การพัฒนาและทดสอบดัยชนีวัดสุขภาพจิตไทยฉบับใหม่ 2546/^cโรงพยาบาลจิตเวชขอนแก่นราชนครินทร์
260    กรุงเทพฯ :^bโรงพยาบาลจิตเวชขอนแก่นราชนครินทร์,^c2551
300    270 หน้า
650  7 สุขภาพจิต^xแบบทดสอบ
945    ^p0^l0^i025774
945    ^p0^l0^i025775
945    ^p0^l0^i025776
945    ^p0^l0^i025777
995    ทศพร
999 ^a ใช้งานได้ทุกระบบ
รายการนี้ยังไม่มีแท็ก
คุณยังไม่ได้ล็อกอิน คุณสามารถมีกิจกรรมร่วมกับเว็บไซต์ได้ แต่ต้องล็อกอินก่อน ::
  ล็อกอิน

รายการสื่อสารสนเทศ

ลำดับที่ ประเภท เลขเรียก/บาร์โค้ด สถานที่ สถานะ
- ไม่พบข้อมูล -

BibComment


ยังไม่เคยถูกคอมเมนท์

คอมเมนท์ทรัพยากรรายการนี้
  คอมเมนท์: การพัฒนาและทดสอบด..


 Copyright 2026. Bcnsprnw @Library